[Event "Bad Wiessee Senioren Cup 8th"]
[Site "Bad Wiessee"]
[Date "2019.05.14"]
[Round "4"]
[White "Zerweck, Christoph"]
[Black "Wichmann, Bernhard"]
[Result "1-0"]
[WhiteElo "1942"]
[BlackElo "1693"]
[PlyCount "85"]
[EventDate "2019.05.11"]
[EventType "swiss"]
[EventRounds "9"]
[EventCountry "GER"]
[SourceTitle "EXT 2020"]
[Source "ChessBase"]
[SourceDate "2019.10.17"]
[SourceVersion "1"]
[SourceVersionDate "2019.10.17"]
[SourceQuality "1"]

1. e4 g6 2. d4 Bg7 3. Nc3 d6 4. Bg5 h6 5. Bh4 a6 6. Bc4 g5 7. Bg3 e6 8. Nge2 b5 9. Bb3 Bb7 10. f3 Ne7 11. Qd2 Nbc6 12. 0-0-0 Na5 13. h4 Ng6 14. h5 Nxb3+ 15. cxb3 Ne7 16. Rhe1 Qd7 17. d5 e5 18. Bf2 0-0 19. Ng3 Rac8 20. Kb1 Ra8 21. Rc1 Rac8 22. Nd1 c6 23. dxc6 Rxc6 24. Rxc6 Qxc6 25. Ne3 a5 26. Nef5 Nc8 27. Qxa5 d5 28. Rc1 Qe8 29. Qc7 Ba6 30. Rc6 b4 31. Rxa6 Qb5 32. Rc6 Qd3+ 33. Ka1 g4 34. Rc1 gxf3 35. gxf3 d4 36. Nxg7 Qxf3 37. Qxe5 Qxf2 38. N7f5 f6 39. Qxd4 Qf4 40. Qg1 Kh8 41. Ne2 Qg5 42. Qc5 Kg8 43. Rg1 1-0

[Event "Bad Wiessee Seniors op"]
[Site "Bad Wiessee"]
[Date "2012.04.27"]
[Round "7"]
[White "Achen, Denis"]
[Black "Wichmann, Bernhard"]
[Result "1-0"]
[WhiteElo "1545"]
[BlackElo "1594"]
[PlyCount "99"]
[EventDate "2012.04.21"]
[EventType "swiss"]
[EventRounds "9"]
[EventCountry "GER"]
[SourceTitle "EXT 2015"]
[Source "ChessBase"]
[SourceDate "2014.11.20"]
[SourceVersion "1"]
[SourceVersionDate "2014.11.20"]
[SourceQuality "1"]

1. d4 d5 2. Nf3 c5 3. c3 e6 4. e3 Nc6 5. Bd3 Nf6 6. Nbd2 Bd6 7. 0-0 Qc7 8. dxc5 Bxc5 9. e4 Qb6 10. exd5 exd5 11. Nb3 Bd6 12. Bg5 Be6 13. Bxf6 gxf6 14. Nfd4 0-0-0 15. Qf3 Ne5 16. Qe2 Nxd3 17. Qxd3 Bd7 18. Rfe1 Rhg8 19. g3 h5 20. Nf5 Rg5 21. Nxd6+ Qxd6 22. Qe3 Kb8 23. Qe7 Qxe7 24. Rxe7 Re5 25. Rxf7 Bh3 26. Nd4 f5 27. f4 Re4 28. Nxf5 Bxf5 29. Rxf5 Rde8 30. Rxd5 Re2 31. Rb1 Rc2 32. Re5 Rxe5 33. fxe5 Re2 34. Kf1 Rxe5 35. Re1 Rf5+ 36. Kg2 Kc7 37. Re4 b5 38. h3 Kc6 39. a3 a5 40. b3 Kb6 41. a4 bxa4 42. Rxa4 Kc6 43. b4 axb4 44. Rxb4 Kc5 45. Ra4 Kb5 46. Rb4+ Kc5 47. g4 Rd5 48. Rf4 Rd2+ 49. Kg3 Rc2 50. gxh5 1-0